[Event "Silkway Cup"]
[Site "T#646345FIDE"]
[Date "2020.05.28"]
[Round "15"]
[White "Nanadzagnidze"]
[Black "luka oboladze"]
[Result "1/2-1/2"]
[WhiteElo "1983"]
[BlackElo "2233"]
[PlyCount "128"]
[EventDate "2020.05.28"]
[EventType "swiss (blitz)"]

1. c4 {[%emt 0:00:02]} c5 {[%emt 0:00:02]} 2. Nc3 {[%emt 0:00:03]} Nc6 {[%emt 0:00:01]} 3. Nf3 {[%emt 0:00:01]} e5 {[%emt 0:00:06]} 4. g3 {[%emt 0:00:04]} g6 {[%emt 0:00:02]} 5. Bg2 {[%emt 0:00:01]} Bg7 {[%emt 0:00:01]} 6. d3 {[%emt 0:00:01]} d6 {[%emt 0:00:01]} 7. O-O {[%emt 0:00:01]} f5 {[%emt 0:00:07]} 8. Ne1 {[%emt 0:00:07]} Nf6 {[%emt 0:00:02]} 9. Bg5 {[%emt 0:00:06]} h6 {[%emt 0:00:06]} 10. Bxf6 {[%emt 0:00:01]} Qxf6 {[%emt 0:00:00]} 11. Nc2 {[%emt 0:00:03]} O-O {[%emt 0:00:03]} 12. Ne3 {[%emt 0:00:01]} g5 {[%emt 0:00:04]} 13. Ned5 {[%emt 0:00:05]} Qf7 {[%emt 0:00:06]} 14. Rb1 {[%emt 0:00:16]} f4 {[%emt 0:00:45]} 15. Nb5 {[%emt 0:00:22]} Qg6 {[%emt 0:00:31]} 16. e3 {[%emt 0:00:27]} Bf5 {[%emt 0:00:09]} 17. Be4 {[%emt 0:00:31]} Bxe4 {[%emt 0:00:06]} 18. dxe4 {[%emt 0:00:01]} f3 {[%emt 0:00:03]} 19. h3 {[%emt 0:00:04]} Rad8 {[%emt 0:00:28]} 20. Kh2 {[%emt 0:00:06]} Qxe4 {[%emt 0:00:04]} 21. Rc1 {[%emt 0:00:13]} Kh7 {[%emt 0:00:05]} 22. Ndc7 {[%emt 0:00:07]} Qg6 {[%emt 0:00:05]} 23. Qd5 {[%emt 0:00:05]} Rf6 {[%emt 0:00:09]} 24. Nc3 {[%emt 0:00:06]} Rd7 {[%emt 0:00:04]} 25. N7b5 {[%emt 0:00:11]} a6 {[%emt 0:00:03]} 26. Na3 {[%emt 0:00:01]} Nb4 {[%emt 0:00:02]} 27. Qe4 {[%emt 0:00:05]} Qxe4 {[%emt 0:00:04]} 28. Nxe4 {[%emt 0:00:00]} Rf8 {[%emt 0:00:01]} 29. Rfd1 {[%emt 0:00:10]} Rfd8 {[%emt 0:00:01]} 30. Nc2 {[%emt 0:00:04]} Nxa2 {[%emt 0:00:11]} 31. Ra1 {[%emt 0:00:01]} Nb4 {[%emt 0:00:01]} 32. Nxb4 {[%emt 0:00:01]} cxb4 {[%emt 0:00:00]} 33. Rd5 {[%emt 0:00:04]} Kg6 {[%emt 0:00:08]} 34. b3 {[%emt 0:00:01]} Kf7 {[%emt 0:00:07]} 35. Ra4 {[%emt 0:00:29]} Ke6 {[%emt 0:00:04]} 36. g4 {[%emt 0:00:01]} Rc8 {[%emt 0:00:07]} 37. Kg3 {[%emt 0:00:02]} Rc6 {[%emt 0:00:02]} 38. Ra2 {[%emt 0:00:05]} b5 {[%emt 0:00:09]} 39. cxb5 {[%emt 0:00:06]} Kxd5 {[%emt 0:00:02]} 40. bxc6 {[%emt 0:00:01]} Kxc6 {[%emt 0:00:00]} 41. Rxa6+ {[%emt 0:00:01]} Kd5 {[%emt 0:00:01]} 42. Nd2 {[%emt 0:00:01]} Rc7 {[%emt 0:00:05]} 43. Nc4 {[%emt 0:00:03]} Rxc4 {[%emt 0:00:03]} 44. bxc4+ {[%emt 0:00:02]} Kxc4 {[%emt 0:00:00]} 45. Kxf3 {[%emt 0:00:04]} b3 {[%emt 0:00:06]} 46. Ke2 {[%emt 0:00:02]} b2 {[%emt 0:00:03]} 47. Rb6 {[%emt 0:00:02]} e4 {[%emt 0:00:00]} 48. Kd2 {[%emt 0:00:01]} d5 {[%emt 0:00:01]} 49. Kc2 {[%emt 0:00:01]} Be5 {[%emt 0:00:01]} 50. Rxh6 {[%emt 0:00:02]} d4 {[%emt 0:00:01]} 51. exd4 {[%emt 0:00:01]} Bxd4 {[%emt 0:00:00]} 52. Re6 {[%emt 0:00:02]} Kd5 {[%emt 0:00:01]} 53. Rg6 {[%emt 0:00:01]} Bxf2 {[%emt 0:00:01]} 54. Rxg5+ {[%emt 0:00:01]} Kd4 {[%emt 0:00:01]} 55. Rg8 {[%emt 0:00:02]} e3 {[%emt 0:00:02]} 56. Re8 {[%emt 0:00:01]} b1=Q+ {[%emt 0:00:01]} 57. Kxb1 {[%emt 0:00:01]} Kd3 {[%emt 0:00:01]} 58. g5 {[%emt 0:00:02]} e2 {[%emt 0:00:01]} 59. Rxe2 {[%emt 0:00:01]} Kxe2 {[%emt 0:00:01]} 60. g6 {[%emt 0:00:01]} Bd4 {[%emt 0:00:01]} 61. h4 {[%emt 0:00:01]} Bg7 {[%emt 0:00:01]} 62. h5 {[%emt 0:00:01]} Kf3 {[%emt 0:00:01]} 63. h6 {[%emt 0:00:01]} Bxh6 {[%emt 0:00:01]} 64. g7 {[%emt 0:00:01]} Bxg7 {[%emt 0:00:00] (Lag: Av=1.16s, max=3.8s)} 1/2-1/2

[Event "Silkway Cup"]
[Site "T#646345FIDE"]
[Date "2020.05.28"]
[Round "15"]
[White "Ahmadzada"]
[Black "gul91"]
[Result "1-0"]
[WhiteElo "1978"]
[BlackElo "2057"]
[Annotator "NA"]
[PlyCount "89"]
[EventDate "2020.05.28"]
[EventType "swiss (blitz)"]

1. e4 {[%emt 0:00:03]} e6 {[%emt 0:00:04]} 2. d4 {[%emt 0:00:01]} d5 {[%emt 0:00:01]} 3. Nd2 {[%emt 0:00:01]} a6 {[%emt 0:00:01]} 4. Bd3 {[%emt 0:00:04]} c5 {[%emt 0:00:01]} 5. dxc5 {[%emt 0:00:02]} Bxc5 {[%emt 0:00:02]} 6. Ngf3 {[%emt 0:00:01]} Nc6 {[%emt 0:00:02]} 7. O-O {[%emt 0:00:01]} Nge7 {[%emt 0:00:01]} 8. e5 {[%emt 0:00:11]} Qc7 {[%emt 0:00:07]} 9. Nb3 {[%emt 0:00:03]} Ba7 {[%emt 0:00:05]} 10. Bf4 {[%emt 0:00:06]} Nb4 {[%emt 0:00:06]} 11. Nbd4 {[%emt 0:00:13]} Bd7 {[%emt 0:00:22]} 12. Be2 {[%emt 0:00:07]} Rc8 {[%emt 0:00:04]} 13. c3 {[%emt 0:00:02]} Nbc6 {[%emt 0:00:01]} 14. Bd3 {[%emt 0:00:02]} Nxd4 {[%emt 0:00:09]} 15. Nxd4 {[%emt 0:00:08]} Bxd4 {[%emt 0:00:04]} 16. cxd4 {[%emt 0:00:00]} Qb6 {[%emt 0:00:01] gul91 offers a draw} 17. Qg4 {[%emt 0:00:21]} Ng6 {[%emt 0:00:09]} 18. Be3 {[%emt 0:00:18]} Bb5 {[%emt 0:00:05]} 19. Bxb5+ {[%emt 0:00:11]} Qxb5 {[%emt 0:00:02]} 20. h4 {[%emt 0:00:11]} h5 {[%emt 0:00:06]} 21. Qg5 {[%emt 0:00:09]} Qe2 {[%emt 0:00:17]} 22. Rac1 {[%emt 0:00:46]} Kd7 {[%emt 0:00:21]} 23. f3 {[%emt 0:00:01]} Rxc1 {[%emt 0:00:16]} 24. Rxc1 {[%emt 0:00:06]} Nxh4 {[%emt 0:00:09]} 25. Bf2 {[%emt 0:00:26]} Nf5 {[%emt 0:00:02]} 26. Rc3 {[%emt 0:00:05]} Qd1+ {[%emt 0:00:12]} 27. Kh2 {[%emt 0:00:02]} h4 {[%emt 0:00:02]} 28. Rb3 {[%emt 0:00:07]} b5 {[%emt 0:00:10]} 29. Ra3 {[%emt 0:00:01]} h3 {[%emt 0:00:02]} 30. gxh3 {[%emt 0:00:09]} Qf1 {[%emt 0:00:02]} 31. Qg2 {[%emt 0:00:01]} Qxg2+ {[%emt 0:00:16]} 32. Kxg2 {[%emt 0:00:00]} Ra8 {[%emt 0:00:01]} 33. Rc3 {[%emt 0:00:01]} Rc8 {[%emt 0:00:04]} 34. Rxc8 {[%emt 0:00:02]} Kxc8 {[%emt 0:00:01]} 35. Kf1 {[%emt 0:00:00]} Kd7 {[%emt 0:00:02]} 36. Ke2 {[%emt 0:00:00]} g5 {[%emt 0:00:04]} 37. Kd3 {[%emt 0:00:04]} Kc6 {[%emt 0:00:03]} 38. Be3 {[%emt 0:00:04] gul91 offers a draw} Nh4 {[%emt 0:00:02]} 39. Bxg5 {[%emt 0:00:02]} Nxf3 {[%emt 0:00:01]} 40. Bf6 {[%emt 0:00:01]} Kd7 {[%emt 0:00:06]} 41. Ke3 {[%emt 0:00:03]} Nh2 {[%emt 0:00:03]} 42. Kf2 {[%emt 0:00:02]} b4 {[%emt 0:00:01]} 43. Kg2 {[%emt 0:00:01]} b3 {[%emt 0:00:01]} 44. axb3 {[%emt 0:00:00]} a5 {[%emt 0:00:01]} 45. Kxh2 {[%emt 0:00:01] gul91 resigns (Lag: Av=0.74s, max=4.6s)} 1-0

[Event "Silkway Cup"]
[Site "T#646345FIDE"]
[Date "2020.05.28"]
[Round "15"]
[White "Misi_95"]
[Black "MammadyarovaZ"]
[Result "1-0"]
[WhiteElo "1975"]
[BlackElo "1940"]
[Annotator "NA"]
[PlyCount "53"]
[EventDate "2020.05.28"]
[EventType "swiss (blitz)"]

1. e4 {[%emt 0:00:02]} d5 {[%emt 0:00:05]} 2. exd5 {[%emt 0:00:02]} Qxd5 {[%emt 0:00:00]} 3. Nc3 {[%emt 0:00:01]} Qd6 {[%emt 0:00:02]} 4. Nf3 {[%emt 0:00:02]} Nf6 {[%emt 0:00:03]} 5. d4 {[%emt 0:00:01]} a6 {[%emt 0:00:10]} 6. Ne5 {[%emt 0:00:04]} e6 {[%emt 0:00:33]} 7. Bf4 {[%emt 0:00:04]} Qd8 {[%emt 0:00:09]} 8. Bd3 {[%emt 0:00:22]} Be7 {[%emt 0:00:06]} 9. O-O {[%emt 0:00:02]} O-O {[%emt 0:00:01]} 10. Re1 {[%emt 0:00:08]} Nbd7 {[%emt 0:00:08]} 11. Qf3 {[%emt 0:00:04]} c5 {[%emt 0:00:27]} 12. dxc5 {[%emt 0:00:02]} Nxc5 {[%emt 0:00:04]} 13. Bf1 {[%emt 0:00:16]} Nfd7 {[%emt 0:00:40]} 14. Rad1 {[%emt 0:00:04]} Nxe5 {[%emt 0:00:05]} 15. Bxe5 {[%emt 0:00:02]} Qb6 {[%emt 0:00:07]} 16. a3 {[%emt 0:00:15]} f6 {[%emt 0:00:04]} 17. Bd4 {[%emt 0:00:02]} Qc7 {[%emt 0:00:07]} 18. b4 {[%emt 0:00:03]} Nd7 {[%emt 0:00:04]} 19. Nd5 {[%emt 0:00:40]} Qd8 {[%emt 0:00:13]} 20. Rxe6 {[%emt 0:00:20]} Re8 {[%emt 0:00:03]} 21. Bb6 {[%emt 0:00:24]} Nxb6 {[%emt 0:00:20]} 22. Nxe7+ {[%emt 0:00:01]} Qxe7 {[%emt 0:00:04]} 23. Rxe7 {[%emt 0:00:01]} Rxe7 {[%emt 0:00:00]} 24. Rd8+ {[%emt 0:00:01]} Kf7 {[%emt 0:00:02]} 25. Qh5+ {[%emt 0:00:01]} Ke6 {[%emt 0:00:05]} 26. Bc4+ {[%emt 0:00:02]} Nxc4 {[%emt 0:00:03]} 27. Qd5# {[%emt 0:00:02] (Lag: Av=0.42s, max=0.5s)} 1-0

[Event "Silkway Cup"]
[Site "T#646345FIDE"]
[Date "2020.05.28"]
[Round "15"]
[White "NIKiler"]
[Black "Massapi"]
[Result "0-1"]
[WhiteElo "1884"]
[BlackElo "2497"]
[PlyCount "58"]
[EventDate "2020.05.28"]
[EventType "swiss (blitz)"]

1. d4 {[%emt 0:00:04]} Nf6 {[%emt 0:00:02]} 2. c4 {[%emt 0:00:01]} g6 {[%emt 0:00:01]} 3. Nf3 {[%emt 0:00:01]} Bg7 {[%emt 0:00:01]} 4. g3 {[%emt 0:00:01]} d6 {[%emt 0:00:01]} 5. Bg2 {[%emt 0:00:00]} O-O {[%emt 0:00:01]} 6. O-O {[%emt 0:00:01]} Nc6 {[%emt 0:00:01]} 7. d5 {[%emt 0:00:04]} Na5 {[%emt 0:00:04]} 8. Nfd2 {[%emt 0:00:08]} c6 {[%emt 0:00:09]} 9. Nc3 {[%emt 0:00:01]} cxd5 {[%emt 0:00:12]} 10. cxd5 {[%emt 0:00:00]} Bd7 {[%emt 0:00:35]} 11. b4 {[%emt 0:00:02]} Rc8 {[%emt 0:00:02]} 12. Bb2 {[%emt 0:00:01]} Nc4 {[%emt 0:00:03]} 13. Nxc4 {[%emt 0:00:01]} Rxc4 {[%emt 0:00:00]} 14. Qb3 {[%emt 0:00:01]} Qc7 {[%emt 0:00:11]} 15. Rfc1 {[%emt 0:00:07]} Rc8 {[%emt 0:00:02]} 16. e3 {[%emt 0:00:02]} Ng4 {[%emt 0:00:22]} 17. Ne2 {[%emt 0:00:16]} Bxb2 {[%emt 0:00:16]} 18. Qxb2 {[%emt 0:00:02]} Rc2 {[%emt 0:00:02]} 19. Rxc2 {[%emt 0:01:43]} Qxc2 {[%emt 0:00:00]} 20. Qxc2 {[%emt 0:00:03]} Rxc2 {[%emt 0:00:00]} 21. Bf1 {[%emt 0:00:01]} Rd2 {[%emt 0:00:30]} 22. h3 {[%emt 0:00:45]} Nf6 {[%emt 0:00:12]} 23. Nf4 {[%emt 0:00:01]} g5 {[%emt 0:00:09]} 24. Nd3 {[%emt 0:00:04]} Nxd5 {[%emt 0:00:15]} 25. h4 {[%emt 0:00:01]} gxh4 {[%emt 0:00:09]} 26. gxh4 {[%emt 0:00:00]} Bf5 {[%emt 0:00:01]} 27. Ne1 {[%emt 0:00:06]} Nxb4 {[%emt 0:00:02]} 28. Rc1 {[%emt 0:00:00]} Rxa2 {[%emt 0:00:07]} 29. Rb1 {[%emt 0:00:01]} Bxb1 {[%emt 0:00:04] NIKiler resigns (Lag: Av=0.66s, max=4.6s)} 0-1

[Event "Silkway Cup"]
[Site "T#646345FIDE"]
[Date "2020.05.28"]
[Round "15"]
[White "HasanzadeT"]
[Black "Atesh"]
[Result "0-1"]
[WhiteElo "1861"]
[BlackElo "1756"]
[Annotator "NA"]
[PlyCount "76"]
[EventDate "2020.05.28"]
[EventType "swiss (blitz)"]

1. e4 {[%emt 0:00:05]} c5 {[%emt 0:00:01]} 2. Nf3 {[%emt 0:00:04]} d6 {[%emt 0:00:01]} 3. d4 {[%emt 0:00:03]} cxd4 {[%emt 0:00:01]} 4. Nxd4 {[%emt 0:00:00]} e6 {[%emt 0:00:01]} 5. Nc3 {[%emt 0:00:04]} a6 {[%emt 0:00:01]} 6. Be3 {[%emt 0:00:08]} b5 {[%emt 0:00:01]} 7. a3 {[%emt 0:00:05]} Bb7 {[%emt 0:00:02]} 8. Qd2 {[%emt 0:00:01]} Nd7 {[%emt 0:00:02]} 9. O-O-O {[%emt 0:00:02]} Ngf6 {[%emt 0:00:01]} 10. f3 {[%emt 0:00:07]} h5 {[%emt 0:00:06]} 11. Kb1 {[%emt 0:00:05]} Be7 {[%emt 0:00:02]} 12. Be2 {[%emt 0:00:07]} Nb6 {[%emt 0:00:09]} 13. Rhe1 {[%emt 0:00:10]} Rc8 {[%emt 0:00:12]} 14. h3 {[%emt 0:00:16]} Nc4 {[%emt 0:00:08]} 15. Bxc4 {[%emt 0:00:02]} Rxc4 {[%emt 0:00:01]} 16. g4 {[%emt 0:00:04]} hxg4 {[%emt 0:00:02]} 17. hxg4 {[%emt 0:00:00]} Nd7 {[%emt 0:00:06]} 18. Rh1 {[%emt 0:00:03]} Rxh1 {[%emt 0:00:02]} 19. Rxh1 {[%emt 0:00:01]} Ne5 {[%emt 0:00:16]} 20. g5 {[%emt 0:00:11]} Rc8 {[%emt 0:00:06]} 21. Rh8+ {[%emt 0:00:28]} Bf8 {[%emt 0:00:02]} 22. Qh2 {[%emt 0:00:10]} Nc4 {[%emt 0:00:23]} 23. Bc1 {[%emt 0:00:06]} Qb6 {[%emt 0:00:20]} 24. Nce2 {[%emt 0:00:31]} b4 {[%emt 0:00:18]} 25. g6 {[%emt 0:00:07]} bxa3 {[%emt 0:00:14]} 26. gxf7+ {[%emt 0:00:01]} Kd7 {[%emt 0:00:14]} 27. Qh3 {[%emt 0:00:10]} d5 {[%emt 0:00:31]} 28. b3 {[%emt 0:00:07]} dxe4 {[%emt 0:00:12]} 29. fxe4 {[%emt 0:00:09]} Bxe4 {[%emt 0:00:05]} 30. Ka2 {[%emt 0:00:17]} Bd5 {[%emt 0:00:03]} 31. Qd3 {[%emt 0:00:05]} Ne5 {[%emt 0:00:02]} 32. Qg3 {[%emt 0:00:09]} Nxf7 {[%emt 0:00:01]} 33. Rg8 {[%emt 0:00:03]} Qc7 {[%emt 0:00:04]} 34. Qg6 {[%emt 0:00:02]} Ne5 {[%emt 0:00:02]} 35. Rxg7+ {[%emt 0:00:02]} Bxg7 {[%emt 0:00:01]} 36. Qxg7+ {[%emt 0:00:00]} Kd6 {[%emt 0:00:01]} 37. Nf4 {[%emt 0:00:02]} Qxg7 {[%emt 0:00:03]} 38. Bxa3+ {[%emt 0:00:02]} Kd7 {[%emt 0:00:04] TimeW} 0-1

[Event "Silkway Cup"]
[Site "T#646345FIDE"]
[Date "2020.05.28"]
[Round "15"]
[White "Meri-Arabidze"]
[Black "Sadikhov_Ulvi"]
[Result "1-0"]
[WhiteElo "1856"]
[BlackElo "2228"]
[PlyCount "69"]
[EventDate "2020.05.28"]
[EventType "swiss (blitz)"]

1. d4 {[%emt 0:00:02]} Nf6 {[%emt 0:00:01]} 2. c4 {[%emt 0:00:01]} g6 {[%emt 0:00:00]} 3. Nf3 {[%emt 0:00:01]} Bg7 {[%emt 0:00:01]} 4. g3 {[%emt 0:00:01]} d6 {[%emt 0:00:01]} 5. Bg2 {[%emt 0:00:01]} O-O {[%emt 0:00:00]} 6. O-O {[%emt 0:00:01]} c6 {[%emt 0:00:00]} 7. Nc3 {[%emt 0:00:01]} Bf5 {[%emt 0:00:01]} 8. Ne1 {[%emt 0:00:01]} Be6 {[%emt 0:00:02]} 9. b3 {[%emt 0:00:02]} d5 {[%emt 0:00:01]} 10. Nd3 {[%emt 0:00:01]} dxc4 {[%emt 0:00:04]} 11. Nf4 {[%emt 0:00:02]} Qc8 {[%emt 0:00:09]} 12. Ba3 {[%emt 0:00:11]} Re8 {[%emt 0:00:26]} 13. Nxe6 {[%emt 0:00:06]} Qxe6 {[%emt 0:00:01]} 14. Rb1 {[%emt 0:00:02]} Nbd7 {[%emt 0:00:17]} 15. d5 {[%emt 0:00:08]} cxd5 {[%emt 0:00:02]} 16. Nxd5 {[%emt 0:00:01]} Qa6 {[%emt 0:00:08]} 17. Bb4 {[%emt 0:00:51]} Nxd5 {[%emt 0:00:12]} 18. Bxd5 {[%emt 0:00:02]} Nb6 {[%emt 0:00:15]} 19. bxc4 {[%emt 0:00:16]} Nxd5 {[%emt 0:00:27]} 20. Qxd5 {[%emt 0:00:18]} Qxa2 {[%emt 0:00:02]} 21. Qxb7 {[%emt 0:00:07]} Qxc4 {[%emt 0:00:07]} 22. Bxe7 {[%emt 0:00:03]} Qxe2 {[%emt 0:00:07]} 23. Rfe1 {[%emt 0:00:02]} Qc4 {[%emt 0:00:27]} 24. Rbc1 {[%emt 0:00:14]} Qa4 {[%emt 0:00:05]} 25. Bc5 {[%emt 0:00:05]} a5 {[%emt 0:00:04]} 26. Rxe8+ {[%emt 0:00:15]} Qxe8 {[%emt 0:00:04]} 27. Ba3 {[%emt 0:00:01]} a4 {[%emt 0:00:05]} 28. Rc7 {[%emt 0:00:03]} Rb8 {[%emt 0:00:05]} 29. Re7 {[%emt 0:00:08]} Qd8 {[%emt 0:00:18]} 30. Rd7 {[%emt 0:00:02]} Qe8 {[%emt 0:00:03]} 31. Re7 {[%emt 0:00:01]} Qf8 {[%emt 0:00:04]} 32. Qa7 {[%emt 0:00:13]} Rb1+ {[%emt 0:00:09]} 33. Kg2 {[%emt 0:00:02]} Rb3 {[%emt 0:00:13]} 34. Qxa4 {[%emt 0:00:05]} Qb8 {[%emt 0:00:05]} 35. Re8+ {[%emt 0:00:02] Sadikhov_Ulvi resigns (Lag: Av=1.29s, max=3.3s)} 1-0

[Event "Silkway Cup"]
[Site "T#646345FIDE"]
[Date "2020.05.28"]
[Round "15"]
[White "Profi013"]
[Black "Ninullia"]
[Result "1-0"]
[WhiteElo "1807"]
[BlackElo "1714"]
[Annotator "NA"]
[PlyCount "155"]
[EventDate "2020.05.28"]
[EventType "swiss (blitz)"]

1. e4 {[%emt 0:00:02]} e5 {[%emt 0:00:01]} 2. Nf3 {[%emt 0:00:01]} Nc6 {[%emt 0:00:01]} 3. Bb5 {[%emt 0:00:01]} a6 {[%emt 0:00:01]} 4. Ba4 {[%emt 0:00:01]} Nf6 {[%emt 0:00:01]} 5. O-O {[%emt 0:00:01]} Be7 {[%emt 0:00:01]} 6. Re1 {[%emt 0:00:01]} b5 {[%emt 0:00:01]} 7. Bb3 {[%emt 0:00:01]} d6 {[%emt 0:00:01]} 8. c3 {[%emt 0:00:01]} O-O {[%emt 0:00:01]} 9. d4 {[%emt 0:00:01]} exd4 {[%emt 0:00:06]} 10. cxd4 {[%emt 0:00:01]} Bg4 {[%emt 0:00:01]} 11. Be3 {[%emt 0:00:04]} Na5 {[%emt 0:00:06]} 12. Bc2 {[%emt 0:00:02]} c5 {[%emt 0:00:05]} 13. h3 {[%emt 0:00:06]} Bh5 {[%emt 0:00:15]} 14. Nbd2 {[%emt 0:00:02]} Rc8 {[%emt 0:00:13]} 15. d5 {[%emt 0:00:01]} Nd7 {[%emt 0:00:09]} 16. g4 {[%emt 0:00:04]} Bg6 {[%emt 0:00:02]} 17. Nh2 {[%emt 0:00:02]} Bh4 {[%emt 0:00:26]} 18. Rf1 {[%emt 0:00:04]} Nb6 {[%emt 0:00:07]} 19. b3 {[%emt 0:00:03]} Qe7 {[%emt 0:00:17]} 20. Rc1 {[%emt 0:00:11]} h6 {[%emt 0:00:07]} 21. Qf3 {[%emt 0:00:10]} Bg5 {[%emt 0:00:11]} 22. Qg3 {[%emt 0:00:06]} Bxe3 {[%emt 0:00:04]} 23. Qxe3 {[%emt 0:00:01]} Rfe8 {[%emt 0:00:03]} 24. Qg3 {[%emt 0:00:06]} c4 {[%emt 0:00:06]} 25. b4 {[%emt 0:00:02]} Nb7 {[%emt 0:00:03]} 26. f4 {[%emt 0:00:08]} c3 {[%emt 0:00:19]} 27. Ndf3 {[%emt 0:00:01]} Bxe4 {[%emt 0:00:12]} 28. Rfe1 {[%emt 0:00:02]} Rc4 {[%emt 0:00:01]} 29. a3 {[%emt 0:00:06]} Nxd5 {[%emt 0:00:04]} 30. Bxe4 {[%emt 0:00:05]} Rxe4 {[%emt 0:00:01]} 31. Rxe4 {[%emt 0:00:01]} Qxe4 {[%emt 0:00:02]} 32. Re1 {[%emt 0:00:00]} Ne3 {[%emt 0:00:02]} 33. Nf1 {[%emt 0:00:02]} c2 {[%emt 0:00:12]} 34. Qf2 {[%emt 0:00:06]} Qxf4 {[%emt 0:00:31]} 35. N1d2 {[%emt 0:00:26]} Re6 {[%emt 0:00:04]} 36. Nb3 {[%emt 0:00:03]} d5 {[%emt 0:00:05]} 37. Nfd4 {[%emt 0:00:14]} Qxf2+ {[%emt 0:00:02]} 38. Kxf2 {[%emt 0:00:01]} Nd1+ {[%emt 0:00:01]} 39. Kf1 {[%emt 0:00:02]} Rf6+ {[%emt 0:00:06]} 40. Ke2 {[%emt 0:00:04]} Rf2+ {[%emt 0:00:02]} 41. Kd3 {[%emt 0:00:01]} Nb2+ {[%emt 0:00:01]} 42. Ke3 {[%emt 0:00:02]} Nc4+ {[%emt 0:00:01]} 43. Kxf2 {[%emt 0:00:01]} Nbd6 {[%emt 0:00:02]} 44. Nxc2 {[%emt 0:00:02]} Ne4+ {[%emt 0:00:01]} 45. Kg1 {[%emt 0:00:01]} Ne5 {[%emt 0:00:02]} 46. Rd1 {[%emt 0:00:04]} Nc3 {[%emt 0:00:04]} 47. Ra1 {[%emt 0:00:04]} g6 {[%emt 0:00:03]} 48. Ncd4 {[%emt 0:00:01]} Kg7 {[%emt 0:00:02]} 49. Nc5 {[%emt 0:00:01]} h5 {[%emt 0:00:06]} 50. gxh5 {[%emt 0:00:01]} gxh5 {[%emt 0:00:02]} 51. Nxa6 {[%emt 0:00:01]} Kg6 {[%emt 0:00:01]} 52. Nc5 {[%emt 0:00:03]} f5 {[%emt 0:00:01]} 53. a4 {[%emt 0:00:01]} bxa4 {[%emt 0:00:01]} 54. Nxa4 {[%emt 0:00:01]} Ne4 {[%emt 0:00:01]} 55. Nc5 {[%emt 0:00:01]} Ng5 {[%emt 0:00:02]} 56. h4 {[%emt 0:00:02]} Nh3+ {[%emt 0:00:02]} 57. Kh2 {[%emt 0:00:01]} Nf4 {[%emt 0:00:01]} 58. Ra6+ {[%emt 0:00:01]} Kf7 {[%emt 0:00:02]} 59. Nxf5 {[%emt 0:00:02]} Ng4+ {[%emt 0:00:01]} 60. Kg3 {[%emt 0:00:01]} Ne2+ {[%emt 0:00:02]} 61. Kf3 {[%emt 0:00:01]} Ng1+ {[%emt 0:00:01]} 62. Kf4 {[%emt 0:00:07]} Nh3+ {[%emt 0:00:05]} 63. Kg3 {[%emt 0:00:01]} Ng1 {[%emt 0:00:02]} 64. Nh6+ {[%emt 0:00:01]} Nxh6 {[%emt 0:00:03]} 65. Rxh6 {[%emt 0:00:01]} d4 {[%emt 0:00:00]} 66. Rd6 {[%emt 0:00:05]} Ke7 {[%emt 0:00:01]} 67. Rd7+ {[%emt 0:00:01]} Ke8 {[%emt 0:00:01]} 68. Kf2 {[%emt 0:00:01]} Nh3+ {[%emt 0:00:01]} 69. Kf3 {[%emt 0:00:01]} Ng1+ {[%emt 0:00:01]} 70. Ke4 {[%emt 0:00:01]} Ne2 {[%emt 0:00:03]} 71. Rh7 {[%emt 0:00:02]} Kd8 {[%emt 0:00:03]} 72. Ke5 {[%emt 0:00:02]} Ng3 {[%emt 0:00:08]} 73. Ne6+ {[%emt 0:00:06]} Kc8 {[%emt 0:00:02]} 74. Nxd4 {[%emt 0:00:01]} Kb8 {[%emt 0:00:01]} 75. b5 {[%emt 0:00:01]} Ka8 {[%emt 0:00:01]} 76. b6 {[%emt 0:00:01]} Nf5 {[%emt 0:00:01]} 77. Ra7+ {[%emt 0:00:02]} Kb8 {[%emt 0:00:01]} 78. Nc6+ {[%emt 0:00:00] Ninullia resigns} 1-0

[Event "Silkway Cup"]
[Site "T#646345FIDE"]
[Date "2020.05.28"]
[Round "15"]
[White "Skoffee"]
[Black "elene tsotsonava"]
[Result "1-0"]
[WhiteElo "1770"]
[BlackElo "1653"]
[Annotator "NA"]
[PlyCount "45"]
[EventDate "2020.05.28"]
[EventType "swiss (blitz)"]

1. e4 {[%emt 0:00:02]} c5 {[%emt 0:00:01]} 2. Nf3 {[%emt 0:00:01]} e6 {[%emt 0:00:00]} 3. d4 {[%emt 0:00:01]} cxd4 {[%emt 0:00:00]} 4. Nxd4 {[%emt 0:00:00]} Nc6 {[%emt 0:00:00]} 5. Nc3 {[%emt 0:00:01]} Qc7 {[%emt 0:00:01]} 6. Be2 {[%emt 0:00:01]} a6 {[%emt 0:00:01]} 7. O-O {[%emt 0:00:02]} Nf6 {[%emt 0:00:01]} 8. Nb3 {[%emt 0:00:01]} Bb4 {[%emt 0:00:04]} 9. Bd3 {[%emt 0:00:03]} O-O {[%emt 0:00:06]} 10. f4 {[%emt 0:00:01]} Bxc3 {[%emt 0:00:14]} 11. bxc3 {[%emt 0:00:02]} d5 {[%emt 0:00:00]} 12. e5 {[%emt 0:00:02]} Nd7 {[%emt 0:00:01]} 13. Qh5 {[%emt 0:00:08]} g6 {[%emt 0:00:01]} 14. Qh6 {[%emt 0:00:03]} b5 {[%emt 0:00:27]} 15. Rf3 {[%emt 0:00:02]} Rd8 {[%emt 0:00:10]} 16. Rh3 {[%emt 0:00:04]} Nf8 {[%emt 0:00:02]} 17. Ba3 {[%emt 0:00:03]} b4 {[%emt 0:00:31]} 18. cxb4 {[%emt 0:00:01]} Ne7 {[%emt 0:00:01]} 19. Qg5 {[%emt 0:00:10]} Nf5 {[%emt 0:00:39]} 20. Bxf5 {[%emt 0:00:04]} exf5 {[%emt 0:00:00]} 21. b5 {[%emt 0:00:03]} axb5 {[%emt 0:00:40]} 22. Be7 {[%emt 0:00:03]} Ne6 {[%emt 0:00:42]} 23. Qh4 {[%emt 0:00:03] Time (Lag: Av=0.32s, max=0.5s)} 1-0

[Event "Silkway Cup"]
[Site "T#646345FIDE"]
[Date "2020.05.28"]
[Round "15"]
[White "Nino2014"]
[Black "Ati1517"]
[Result "1-0"]
[WhiteElo "1767"]
[BlackElo "1642"]
[Annotator "NA"]
[PlyCount "67"]
[EventDate "2020.05.28"]
[EventType "swiss (blitz)"]

1. d4 {[%emt 0:00:02]} d5 {[%emt 0:00:01]} 2. Nf3 {[%emt 0:00:01]} Nf6 {[%emt 0:00:01]} 3. Bf4 {[%emt 0:00:01]} Bf5 {[%emt 0:00:03]} 4. e3 {[%emt 0:00:04]} e6 {[%emt 0:00:01]} 5. c4 {[%emt 0:00:01]} c6 {[%emt 0:00:01]} 6. Qb3 {[%emt 0:00:02]} Qb6 {[%emt 0:00:04]} 7. c5 {[%emt 0:00:02]} Qxb3 {[%emt 0:00:02]} 8. axb3 {[%emt 0:00:00]} Be7 {[%emt 0:00:05]} 9. b4 {[%emt 0:00:03]} O-O {[%emt 0:00:05]} 10. Nc3 {[%emt 0:00:01]} Nbd7 {[%emt 0:00:13]} 11. b5 {[%emt 0:00:02]} Rfc8 {[%emt 0:00:01]} 12. bxc6 {[%emt 0:00:03]} Rxc6 {[%emt 0:00:05]} 13. b4 {[%emt 0:00:11]} Rcc8 {[%emt 0:00:10]} 14. h3 {[%emt 0:00:15]} a6 {[%emt 0:00:15]} 15. Be2 {[%emt 0:00:02]} Ne4 {[%emt 0:00:09]} 16. Nxe4 {[%emt 0:00:02]} Bxe4 {[%emt 0:00:05]} 17. O-O {[%emt 0:00:06]} f6 {[%emt 0:00:10]} 18. Rfc1 {[%emt 0:00:05]} Bd8 {[%emt 0:00:22]} 19. b5 {[%emt 0:00:04]} e5 {[%emt 0:00:09]} 20. Bg3 {[%emt 0:00:17]} axb5 {[%emt 0:00:12]} 21. Bxb5 {[%emt 0:00:02]} Nf8 {[%emt 0:00:32]} 22. Rxa8 {[%emt 0:00:03]} Rxa8 {[%emt 0:00:01]} 23. dxe5 {[%emt 0:00:03]} Be7 {[%emt 0:00:03]} 24. exf6 {[%emt 0:00:06]} gxf6 {[%emt 0:00:02]} 25. Nd4 {[%emt 0:00:04]} Kf7 {[%emt 0:00:04]} 26. f3 {[%emt 0:00:10]} Bg6 {[%emt 0:00:01]} 27. c6 {[%emt 0:00:03]} bxc6 {[%emt 0:00:05]} 28. Bxc6 {[%emt 0:00:00]} Rd8 {[%emt 0:00:02]} 29. Bc7 {[%emt 0:00:02]} Rc8 {[%emt 0:00:01]} 30. Bxd5+ {[%emt 0:00:04]} Kg7 {[%emt 0:00:03]} 31. Rc4 {[%emt 0:00:14]} Nd7 {[%emt 0:00:13]} 32. Be6 {[%emt 0:00:19]} Be8 {[%emt 0:00:02]} 33. Nf5+ {[%emt 0:00:06]} Kf8 {[%emt 0:00:01]} 34. Bf4 {[%emt 0:00:19] Ati1517 resigns (Lag: Av=0.85s, max=2.8s)} 1-0